00342nam a22001217a 4500008004100000082001800041100002400059245006100083260004100144300001000185942001200195999001300207230606b xxu||||| |||| 00| 0 eng d a342.967bCKRC cVincent Mboya Mulwa aChristianity At The Crossroads cDelmon General Agencies aKenyabDelmon General Agenciesc2015 a191 p 2ddccBK c639d639